Manchester United Players 500 or More Appearances - Sudden Death - Statistics

General Stats
  • This quiz has been taken 112 times
  • The average score is 2 of 9
Answers on the Grid
Answers color-coded by a green-red scale on the quiz's grid according to % correct below.
Antonio Valencia
Arthur Albiston
Bill Foulkes
Bobby Charlton
Brian McClair
Bryan Robson
Cristiano Ronaldo
David Beckham
David de Gea
Denis Irwin
Denis Law
Gary Neville
Gary Pallister
George Best
John O'Shea
Marcus Rashford
Mark Hughes
Michael Carrick
Nemanja Vidic‎
Nicky Butt
Ole Gunnar Solskjær
Patrice Evra
Paul Scholes
Peter Schmeichel
Phil Neville
Rio Ferdinand
Roy Keane
Ryan Giggs
Steve Bruce
Tony Dunne
Wayne Rooney
Wes Brown
 
Answer Stats
Answer % Correct
Bobby Charlton
51%
Ryan Giggs
41%
Wayne Rooney
35%
Paul Scholes
27%
David de Gea
24%
Gary Neville
24%
Bill Foulkes
12%
Denis Irwin
8%
Tony Dunne
0%
No matching quizzes found
Score Distribution
Percent of People with Each Score
Percentile by Number Answered
Your Score History
You have not taken this quiz